| 000 | 00444nam a2200145Ia 4500 | ||
|---|---|---|---|
| 008 | 191129s9999 xx 000 0 und d | ||
| 020 | _a9786214060986 | ||
| 100 | _aSiquete, Cherille V. | ||
| 245 |
_cCherille V. Siquete _aBusiness ethics and social responsibility/ |
||
| 260 |
_aManila: _bMindshapers Co. Inc. _c2016 |
||
| 300 |
_ax,164 p. ; _c21 cm. |
||
| 500 | _aIncludes bibliographical references | ||
| 650 | _aBusiness | ||
| 650 | _aEthics | ||
| 999 |
_c362819 _d362819 |
||